<?xml version="1.0" encoding="UTF-8"?>
<collection xmlns:xsi="http://www.w3.org/2001/XMLSchema-instance" xsi:schemaLocation="http://www.loc.gov/MARC21/slim http://www.loc.gov/standards/marcxml/schema/MARC21slim.xsd" xmlns="http://www.loc.gov/MARC21/slim">
 <record>
  <leader>00000cja a22000003a 4500</leader>
  <controlfield tag="001">UP-99796217610572095</controlfield>
  <controlfield tag="003">Buklod</controlfield>
  <controlfield tag="005">20130116162400.0</controlfield>
  <controlfield tag="006">a     r    |||| u|</controlfield>
  <controlfield tag="007">s| u||||||u|u|</controlfield>
  <controlfield tag="008">130116s1989    xx     d|||||||||||||| | </controlfield>
  <datafield tag="035" ind1=" " ind2=" ">
   <subfield code="a">(iLib)UPD-00192603848</subfield>
  </datafield>
  <datafield tag="040" ind1=" " ind2=" ">
   <subfield code="a">DMUS</subfield>
  </datafield>
  <datafield tag="041" ind1=" " ind2=" ">
   <subfield code="a">eng</subfield>
  </datafield>
  <datafield tag="090" ind1=" " ind2=" ">
   <subfield code="a">CD 1670</subfield>
  </datafield>
  <datafield tag="100" ind1="0" ind2=" ">
   <subfield code="a">Kejmar, Mirolav</subfield>
   <subfield code="d">1941 --</subfield>
  </datafield>
  <datafield tag="245" ind1="0" ind2="0">
   <subfield code="a">Famous trumpet concerti [sound recording]</subfield>
   <subfield code="c">Miroslav Kejmar.</subfield>
  </datafield>
  <datafield tag="264" ind1=" " ind2="1">
   <subfield code="a">Germany</subfield>
   <subfield code="b">Naxos</subfield>
   <subfield code="c">1989.</subfield>
  </datafield>
  <datafield tag="300" ind1=" " ind2=" ">
   <subfield code="a">1 sound disc</subfield>
   <subfield code="b">digital</subfield>
   <subfield code="c">4 3/4 in</subfield>
  </datafield>
  <datafield tag="306" ind1=" " ind2=" ">
   <subfield code="a">59min 35sec.</subfield>
  </datafield>
  <datafield tag="500" ind1=" " ind2=" ">
   <subfield code="a">With program notes (5 p.) inserted on container.</subfield>
  </datafield>
  <datafield tag="505" ind1="0" ind2=" ">
   <subfield code="a">Sonata op. 2, no. 11 for trumpet, strings and harpsichord / Marcello (7:45) -- Sonata a cinque no. 1 / Torelli (8:02) -- Concerto in D for trumpet, strings and harpsichord / Telemann (8:02) -- Concerto in D minor for trumpet and orchestra / Handel (8:53) -- Concerto in D for trumpet, strings and harpsichord / L. Mozart (12:07) -- Concerto for trumpet in Eb, Hob. VIIe: 1 / Haydn (14:18).</subfield>
  </datafield>
  <datafield tag="511" ind1="0" ind2=" ">
   <subfield code="a">Miroslav Kejmar, trumpet; Capella Istropolitana; Peter Skvor, conductor.</subfield>
  </datafield>
  <datafield tag="518" ind1=" " ind2=" ">
   <subfield code="a">Recorded in the Concert Hall of the Slovak Philharmonic, Bratislava, in January 1989.</subfield>
  </datafield>
  <datafield tag="650" ind1="1" ind2="7">
   <subfield code="a">Trumpet.</subfield>
  </datafield>
  <datafield tag="650" ind1="1" ind2="7">
   <subfield code="a">Concertos.</subfield>
  </datafield>
  <datafield tag="650" ind1="1" ind2="7">
   <subfield code="a">Concertos (trumpet).</subfield>
  </datafield>
  <datafield tag="700" ind1="1" ind2=" ">
   <subfield code="a">Skvor, Peter.</subfield>
   <subfield code="4">con.</subfield>
  </datafield>
  <datafield tag="700" ind1="1" ind2=" ">
   <subfield code="a">Marcello, Benedetto</subfield>
   <subfield code="d">1686-1739. Sonatas, recorder, continuo, op. 2. No. 11; arr.</subfield>
  </datafield>
  <datafield tag="700" ind1="1" ind2=" ">
   <subfield code="a">Torelli, Giuseppe</subfield>
   <subfield code="d">1658-1709. Sonatas, trumpet, string orchestra, P. A.2.2.1, D major.</subfield>
  </datafield>
  <datafield tag="700" ind1="1" ind2=" ">
   <subfield code="a">Telemann, Georg Philipp</subfield>
   <subfield code="d">1681-1767. Concertos, trumpet, string orchestra, D major.</subfield>
  </datafield>
  <datafield tag="700" ind1="1" ind2=" ">
   <subfield code="a">Handel, George Frideric</subfield>
   <subfield code="d">1685-1759. Sonatas, flute, continuo, HWV 367b, B minor; arr.</subfield>
  </datafield>
  <datafield tag="700" ind1="1" ind2=" ">
   <subfield code="a">Mozart, Leopold</subfield>
   <subfield code="d">1719-1787. Concertos, trumpet, orchestra, S. 3,34, D major.</subfield>
  </datafield>
  <datafield tag="700" ind1="1" ind2=" ">
   <subfield code="a">Haydn, Joseph</subfield>
   <subfield code="d">1732-1809. Concertos, trumpet, orchestra, H. VIIe, 1, Eb major.</subfield>
  </datafield>
  <datafield tag="710" ind1="2" ind2=" ">
   <subfield code="a">Cappella Istropolitana.</subfield>
   <subfield code="4">prf.</subfield>
  </datafield>
  <datafield tag="905" ind1=" " ind2=" ">
   <subfield code="a">FO</subfield>
  </datafield>
  <datafield tag="950" ind1=" " ind2=" ">
   <subfield code="a">Optic</subfield>
  </datafield>
  <datafield tag="852" ind1="0" ind2=" ">
   <subfield code="a">UPD</subfield>
   <subfield code="b">DMUS</subfield>
   <subfield code="h">CD 1670</subfield>
  </datafield>
  <datafield tag="942" ind1=" " ind2=" ">
   <subfield code="a">Music</subfield>
  </datafield>
 </record>
</collection>
